Петокласниците пишат (Запис номер 101321)
[ съкратено ]
| 000 -Лидер | |
|---|---|
| Контролно поле с фиксирана дължина | 02088nam a2200373 c 4500 |
| 003 - Код на организацията, давaща контролен номер | |
| Контролно поле | BLK |
| 005 - Дата и час на последна редакция | |
| Контролно поле | 20241216164640.0 |
| 008 - Елементи от данни с фиксирана дължина | |
| fixed length control field | 180409b bul|||||r ||||||| ||bul|| |
| 010 ## - Наследен системен номер | |
| LC control number | KNG00106364000 |
| 020 ## - Международен стандартен номер на книга ISBN | |
| Международен стандартен номер на книга ISBN | 954-649-563-8 |
| -- | издат.: Сиела Софт енд Паблишинг |
| 040 ## - Източник на каталожния запис | |
| Идентификатор на билиотеката - собственик на записа | BLK |
| 041 ## - Код за език | |
| Код за езика на текст/звукозапис или на отделно заглавие | Български |
| Код за езика КДБФ | Български |
| 080 ## - УДК | |
| Текстов определител УДК | Българска литература в основното училище. Методика на обучението |
| УДК код - определител по УДК | 373.3.016:821.163.2 |
| УДК определител | (075.2) |
| УДК - код + определител | 373.3.016:821.163.2(075.2) |
| 080 ## - УДК | |
| Текстов определител УДК | Литературна дейност. Редактиране. Култура на речта. Стилистика. Литературна техника |
| УДК код - определител по УДК | 808 |
| УДК определител | (075.2) |
| УДК - код + определител | 808(075.2) |
| 100 ## - Редна дума - Автор | |
| Автор | Радев, Радослав Димитров |
| R(LIN) | 364728 |
| 139 ## - Редно поле | |
| Редна дума | Радев, Радослав Димитров и др. |
| Авторски знак | Рад - Р 12 |
| 245 10 - Сведения за заглавието | |
| Заглавие | Петокласниците пишат |
| Подзаглавни данни | Преразказ ; Съч. описание ; Съч. по преживяна случка ; Съч. по значим проблем |
| Редно поле (дума) | Радослав Димитров Радев; съавт. Койка Тинева Попова; съавт. Станимир Серафимов Цветков. |
| 257 ## - Страна на издаване | |
| Страна на създаване/издаване | България |
| 260 ## - Област на издателските данни | |
| -- | София |
| Име на издателя, разпространителя и проч. | Сиела Софт енд Паблишинг |
| Година на издаване | 2003 |
| 300 ## - Физическа характеристика | |
| Страници | 108 с. |
| Илюстрации и др. | с табл., сх. |
| Размери/Мащаб | 21 см |
| 380 ## - Жанр | |
| Жанр | Обществени науки |
| 650 #4 - Допълнително описание по предмет – тема | |
| Основно описание – тема или топоним | Българска литература - методика на преподаването - за основни училища |
| 9 (RLIN) | 257239 |
| 650 #4 - Допълнително описание по предмет – тема | |
| Основно описание – тема или топоним | Съчинение и преразказ |
| 9 (RLIN) | 262069 |
| 653 ## - Ключова дума – ненормативна | |
| Ключова дума | българска литература |
| 653 ## - Ключова дума – ненормативна | |
| Ключова дума | методика на преподаването |
| 700 1# - Други автори (авторска отговорност) | |
| Лично име | Попова, Койка Тинева |
| Автороска отговорност (Описва отношението между автора и произведението) | съавт. |
| 9 (RLIN) | 364619 |
| 700 1# - Други автори (авторска отговорност) | |
| Лично име | Цветков, Станимир Серафимов |
| Автороска отговорност (Описва отношението между автора и произведението) | съавт. |
| 9 (RLIN) | 283105 |
| 852 ## - Местоположение | |
| Форматна сигнатура | Цб 214985 |
| 856 4# - Електронен адрес и достъп | |
| Електронен формат | pdf - файл |
| Път до файла /url/ | |
| 856 4# - Електронен адрес и достъп | |
| Електронен формат | pdf - файл |
| Път до файла /url/ | |
| 942 ## - АРТИКУЛИ | |
| Вид на библиотечния материал | Книги |
| Скрит в OPAC | Не |
| 944 ## - СЪЗДАВАНЕ И РЕДАКЦИЯ на ЗАПИСА | |
| Създаване/Редакция | Създаване |
| Дата на регистрацията/редакция | 01.01.2003 |
| Служител, извършил регистрацията/редакцията | 30550 |
| Статус, дата на статуса | Кети Илиева |
| 944 ## - СЪЗДАВАНЕ И РЕДАКЦИЯ на ЗАПИСА | |
| Създаване/Редакция | Редакция |
| Дата на регистрацията/редакция | 31.05.2004 |
| Служител, извършил регистрацията/редакцията | |
| 999 ## - СИСТЕМНИ КОНТРОЛНИ НОМЕРА | |
| Koha biblionumber | 101321 |
| Koha biblioitemnumber | 101321 |
| Код за отписване | Код за изгубен артикул | Източник на класификационната схема | Код за повреда | Коз за рестрикции | Код за отдаване | Артикулен № | Име на библиотеката - собственик | Име на библиотеката, в която се намира в момента | Статус (Текущо местоположение) | Дата на вписване в системата | Местоположение - отдел | Цена в лева | Инвентарен номер | Систематично азбучна сигнатура | Баркод | Номер на екземпляра | Цена в евро | Служебна бележка | Служебен тип на артикула |
|---|---|---|---|---|---|---|---|---|---|---|---|---|---|---|---|---|---|---|---|
| Не е изгубен | Universal Decimal Classification | Не е повреден | без рестрикции | заемане за дома | 163099 | Регионална библиотека "Любен Каравелов" Русе | Регионална библиотека "Любен Каравелов" Русе | Детски отдел | 2003-05-28 | Детски отдел | 3.00 | 120000676462 | ДН 373.3.016:821/Р 12 Р | 120000676462 | 1 | 1.53 | Дост: Pk Вид: Ф N: 5 Дата: 27.05.2003 Дата инв: 24.08.2015 Бележки инв: Д2015 | Книги | |
| Не е изгубен | Не е повреден | без рестрикции | ползва се в читалня | 163100 | Регионална библиотека "Любен Каравелов" Русе | Регионална библиотека "Любен Каравелов" Русе | Хранилище | 2004-05-14 | Хранилище | 3.00 | 120000685492 | Цб 214985 | 120000685492 | 2 | 1.53 | Дост: Dp Вид: Д N: 29 Дата: 09.07.2003 | Книги |